000 00682cam a22002057a 4500
020 _a076454912X (pbk.)
040 _cWlAbNL
082 0 4 _a005 WIL 2003 A006 Or.
100 1 _aRampling, Blair.
245 1 0 _aWindows Server 2003 security bible /
260 _aIndianapolis, Ind :
_bWiley,
_cc2003.
300 _axx, 577 p. :
_bill. ;
_c24 cm.
500 _aIncludes index.
650 0 _aComputer security.
650 0 _aClient/server computing.
856 4 2 _uhttp://www.loc.gov/catdir/bios/wiley046/2002114785.html
856 4 2 _uhttp://www.loc.gov/catdir/description/wiley041/2002114785.html
856 4 1 _uhttp://www.loc.gov/catdir/toc/wiley041/2002114785.html
942 _cEK
999 _c11930
_d11930